Surnoms des Ministères - Statistiques

Statistiques générales
  • Ce quiz a été pris 59 fois
    33 depuis la dernière actualisation
  • Le résultat moyen est 4 sur 8
Statistiques - réponses
Ministère Surnom % Correct
Ministère de l’Économie et des Finances Bercy
100%
Siège du Premier ministre Matignon
96%
Ministère des Affaires étrangères Quai d'Orsay
78%
Ministère de l'Intérieur Place Beauvau
78%
Ministère de la Justice Place Vendôme
41%
Ministères du Travail/Ministère de l'Education nationale/Ministère de la Fonction publique Rue Grenelle
26%
Ministère de la Culture Rue de Valois
7%
Ministère de l'Agriculture Rue de Varennes
7%
Aucun quiz correspondant
Distribution des résultats
% des personnes avec chaque résultat
Percentile par nombre de réponses
Votre historique - résultats
Vous n’avez pas pris ce quiz depuis la dernière actualisation